000 00542cam a2200205ua 4500
001 10184
008 171003n ii |||gr||||Z||||||asm
020 _a9789382030010
040 _cMAIN
041 _aasm
082 _a320.954
100 _aLahon, Thaneswar,
_eAuthor.
245 _aIndian government and politics (A)
_cBy Thaneswar Lahon and Swarnajyoti Das
250 _a2nd ed.
260 _aJorhat:
_bUnika prakashan,
_c2014.
300 _a428p.
653 _aPolitical science
700 _aDas, Swarnajyoti,
_eAuthor.
942 _cBK
999 _c9181
_d9181